Comparative study of co-operative marketing in Andhra Pradesh with special reference to Guntur district (Record no. 11761)
[ view plain ]
| 000 -LEADER | |
|---|---|
| fixed length control field | 00740nam a2200181Ia 4500 |
| 082 ## - DEWEY DECIMAL CLASSIFICATION NUMBER | |
| Classification number | TR.0114 |
| 100 ## - MAIN ENTRY--AUTHOR NAME | |
| Personal name | Reddy, Meka Radha Krishna |
| 245 #0 - TITLE STATEMENT | |
| Title | Comparative study of co-operative marketing in Andhra Pradesh with special reference to Guntur district |
| 260 ## - PUBLICATION, DISTRIBUTION, ETC. (IMPRINT) | |
| Year of publication | 1971 |
| Name of publisher | Vikram University |
| 300 ## - PHYSICAL DESCRIPTION | |
| Number of Pages | 189p. + C D -6 |
| 650 ## - SUBJECT ADDED ENTRY--TOPICAL TERM | |
| Topical Term | FARM PRODUCE - MARKETING///COOPERATIVE MARKETING OF FARM PRODUCE |
| 650 ## - SUBJECT ADDED ENTRY--TOPICAL TERM | |
| Topical Term | COOPERATIVE MARKETING OF FARM PRODUCE - ANDHRA PRADESH - GUNTUR DISTRICT |
| 650 ## - SUBJECT ADDED ENTRY--TOPICAL TERM | |
| Topical Term | AGRICULTURE, COOPERATIVE///COOPERATIVE MARKETING OF FARM PRODUCE |
| 650 ## - SUBJECT ADDED ENTRY--TOPICAL TERM | |
| Topical Term | COOPERATIVE MARKETING - ANDHRA PRADESH - GUNTUR DISTRICT |
| 650 ## - SUBJECT ADDED ENTRY--TOPICAL TERM | |
| Topical Term | COOPERATIVE SOCIETIES///COOPERATIVE |
| 710 ## - ADDED ENTRY--CORPORATE NAME | |
| Corporate name or jurisdiction name as entry element | Misra, A.B. |
| 942 ## - ADDED ENTRY ELEMENTS (KOHA) | |
| Koha item type | Thesis |
| Source of classification or shelving scheme | Dewey Decimal Classification |
| Withdrawn status | Lost status | Damaged status | Not for loan | Home library | Current library | Date acquired | Full call number | Accession Number | Price effective from | Koha item type |
|---|---|---|---|---|---|---|---|---|---|---|
| NASSDOC Library | NASSDOC Library | 08/10/2004 | TR.0114 | 4211 | 18/04/2019 | Thesis |
